Not the Main Character (TV Edition) Quiz Stats

Quiz Updated Aug 4, 2015

Challenge
Share
Tweet
Embed
Score 0/20 Timer 05:00
0 Plays Today
(Not the main characters) TV Show % Correct
Cleveland Brown, Mayor Adam WestFamily Guy
83.5%
Kent Brockman, Troy McClureThe Simpsons
78%
Smitty Werbenjagermanjensen, Barnacle Boy SpongeBob SquarePants
76.3%
Margaery Tyrell, Khal DrogoGame of Thrones
68.7%
Stuart Bloom, Barry KripkeThe Big Bang Theory
57.2%
Gustavo Fring, Hector SalamancaBreaking Bad
52.8%
Dr. Richard Burke, PaoloFriends
50.7%
Garry (Jerry/Larry) Gergich, Li'l SebastianParks and Recreation
45.8%
Robert California, Todd PackerThe Office
43.7%
Spike, Rupert GilesBuffy the Vampire Slayer
43.7%
(Not the main characters) TV Show % Correct
Ranjit Singh, Sandy RiversHow I Met Your Mother
41.1%
Barry Zuckerkorn, Lucille AusteroArrested Development
38.8%
Merle Dixon, Gabriel StokesThe Walking Dead
38%
Leopold Stotch, Wendy TestaburgerSouth Park
36%
Kif Kroker, Barbados SlimFuturama
33.9%
Alex 'Star-Burns' Osbourne, MagnitudeCommunity
33.2%
Sam Healy, Galina 'Red' ReznikovOrange is the New Black
30.5%
John Winchester, CastielSupernatural
30.3%
Ted Buckland, Jordan SullivanScrubs
27.6%
Sister Mary Eunice, Dr. Oliver ThredsonAmerican Horror Story
14.6%

You're not logged in!

Compare scores with friends on all Sporcle quizzes.
Join for Free
OR
Log In

You Might Also Like...

Show Comments

Extras

Top Quizzes Today


Score Distribution

Your Account Isn't Verified!

In order to create a playlist on Sporcle, you need to verify the email address you used during registration. Go to your Sporcle Settings to finish the process.

Report this User

Report this user for behavior that violates our Community Guidelines.

Details: